M. Duray: Nová etapa pre Maďarov spoza hraníc Budapešť chystá zákon o Maďaroch žijúcich ...

Bibliographic Details
Format: Article
Language:Slovak
Subjects:

MARC

LEADER 00000nab a2200000 a 4500
001 vtls000742291
003 SK-MaSNL
005 20260302193645.0
008 160405c2000 xo 0 slo
015 |a SNBRB2001/01-01436 
035 |a CLN000094131 
040 |a SNKBUCL  |b slo  |c SNKBUCL  |e AACR2 
041 0 |a slo 
044 |a xo  |c SK 
080 |a 323.113(=945.11)(100):340.134  |2 1997 
080 |a 327(439):323.113(100=945.11)  |2 1997 
245 0 0 |a M. Duray: Nová etapa pre Maďarov spoza hraníc  |b Budapešť chystá zákon o Maďaroch žijúcich ... 
610 7 |a Stála maďarská konferencia  |x summit  |y 2000  |2 snkbucl  |9 912644 
650 0 7 |a Maďari v zahraničí  |x status právny  |z Maďarsko  |x zákony  |x prípravy  |2 snkbucl  |9 907469 
655 7 |a články z novín a časopisov  |2 snkbucl  |9 267496 
773 0 |t Národná obroda  |g Roč. 11, č. 289 (15.12.2000), s. 4 
850 |a Slovenská národná knižnica v Martine 
852 |a SNK  |b KIS3GCP 
958 |a HU 
999 |c 1445430  |d 1447360